000 00407 a2200145 4500
005 20250320104928.0
020 _a978-0-07-338378-1
082 _a808.042 SEY
100 _aSEYLER, D. U.
245 _aRead Reason Write: An Argument Text and Reader
250 _a9th Ed.
260 _aBoston,
_bMcGraw-Hill,
_c2010.
300 _axviii, 649p.,ill., picture, table, figure
_bIndex
_c23cm.
942 _2ddc
_cBKS
999 _c1028
_d1028